| 000 | 00517nam a2200169 a 4500 | ||
|---|---|---|---|
| 005 | 20210223120436.0 | ||
| 008 | 991125s1988 mx 000 0 spa u | ||
| 035 | _aUPN01000001317 | ||
| 049 | _aSEP | ||
| 050 | 4 |
_aLA427.5 _bA38 |
|
| 245 | 0 | 0 | _aAguascalientes 1986-1992. |
| 260 |
_aMéxico : _bANUIES : _bSEP, _c1988. |
||
| 300 | _a160 p. | ||
| 440 | 0 | _aPrograma estatal indicativo para el desarrollo de la educación superior | |
| 650 | 4 |
_aEDUCACION SUPERIOR - _xPLANIFICACION - _zAGUASCALIENTES _919470 |
|
| 905 | _aLibro | ||
| 999 |
_c1317 _d1317 |
||